000 00427nam a2200157Ia 4500
008 230917s9999||||xx |||||||||||||| ||und||
020 _cRS175
040 _e32230
_aMAIN
041 _aEnglish
082 _a954.029 A11C
100 _aAlam, Muzaffar
245 0 _aCrisis of empire in Mughal North India: Awadh and the Punjab 1707-48
260 _aOxford
_bOxford University Press
_c1986
300 _axv, 365 p.
942 _cBK
999 _c81074
_d81074